| 000 | 01003nas a2200301 4500 | ||
|---|---|---|---|
| 001 | BR2015006457 | ||
| 003 | BR-BrBNA | ||
| 005 | 20231205125904.0 | ||
| 007 | ta | ||
| 008 | 230509b bl.|||p| |||| 00| 00por d | ||
| 040 |
_aBR-BrBNA _bpor _cBiblioteca Nacional de Agricultura |
||
| 041 | _a(En) | ||
| 072 | _aP33 | ||
| 100 | 1 | _aMachado, F.C. | |
| 100 | 1 | _aMontanari, R. | |
| 100 | 1 | _aShiratsuchi, L.S. | |
| 100 | 1 | _aLovera, L.H. | |
| 100 | 1 | _aLima, E. de S. | |
| 245 | 1 | _aSpatial dependence of electrical conductivity and chemical properties of the soil by electromagnetic induction | |
| 650 | _aAGRICULTURA DE PRECISÃO | ||
| 650 | _aCONDUTIVIDADE ELÉTRICA | ||
| 650 | _aQUÍMICA | ||
| 650 | _aSOLO | ||
| 773 | 0 |
_tRevista Brasileira de Ciência do Solo (Brazil) _xISSN 1806-9657 _g(Jul-Aug 2015), v. 39(4) p. 1112-1120 _wBR2015006457 |
|
| 856 | 4 | 0 | _uhttp://www.scielo.br/pdf/rbcs/v39n4/0100-0683-rbcs-39-4-1112.pdf |
| 909 |
_a202311 _bLúcia _c55 _dLúcia Elande |
||
| 942 |
_2AGRIS _n0 _cANA |
||
| 999 |
_c246714 _d246714 |
||